Normal view MARC view
  • Castañeda García, Carmen,

Entry Nombre Personal

Number of records used in: 5

001 - NUMERO DE CONTROL

  • campo de control: 36459

003 - IDENTIFICADOR DE NUMERO DE CONTROL

  • campo de control: UPN

005 - FECHA Y HORA DE LA ÜLTIMA TRANSACCIÓN

  • campo de control: 20210219194514.0

008 - DATOS DE LONGITUD FIJA

  • campo de control de longitud fija: nabaccnnaabn|||||||||| b |nc|||||d

035 ## - NUMERO DE CONTROL

  • Número de control: UPN11000008566

040 ## - FUENTE DE CATALOGACIÓN

  • Lenguaje de catalogación: SPA
  • Agencia de transcripción: UPN

100 1# - ENCABEZAMIENTO - NOMBRE PERSONAL

  • Nombre personal: Castañeda García, Carmen,
  • Fechas asociadas con el nombre: 1941-2007

400 1# - VEÁSE - NOMBRE DE PERSONA

  • Personal name: Castañeda, Carmen,
  • Dates associated with a name: 1941-2007

670 ## - FUENTE EN LA QUE SE LOCALIZARON DATOS

  • Cita de la fuente: T
  • Uniform Resource Identifier: http://www.redalyc.org/pdf/139/13902414.pdf

680 ## - NOTA PUBLICA DE ACCESO PÚBLICO

  • Frase explicativa de la referencia: Se recibió en 1960 como maestra en la Escuela Normal de Jalisco. A mediados de 1969 obtuvo la maestría en historia en la Facultad de Filosofía y Letras de la Universidad de Guadalajara. En 1974 se doctoró en historia en el Centro de Estudios Históricos de El Colegio de México

902 ## - CATALOGADOR

  • Catalogador: MCM/090215